01203nam a22003014a 4500001001200000003000800012006001900020007001500039008004100054010001700095020002800112040002100140035002100161050002500182082001400207100002300221245009600244260003300340300001500373490004300388504006600431533015200497650003600649655002900685710001700714830004400731856012600775ebr10047808CaPaEBRm u cr cn|||||||||020422s2002 nyu sb 001 0 eng  z 2002067017 z0387954988 (alk. paper) aCaPaEBRcCaPaEBR a(OCoLC)55979278314aQA402.6b.K53 2002eb04a519.72211 aKlamroth, Kathrin.10aSingle facility location problems with barriersh[electronic resource] /cKathrin Klamroth. aNew York :bSpringer,c2002. axi, 201 p.1 aSpringer series in operations research aIncludes bibliographical references (p. [183]-197) and index. aElectronic reproduction.bPalo Alto, Calif. :cebrary,d2013.nAvailable via World Wide Web.nAccess may be limited to ebrary affiliated libraries. 0aLocation problems (Programming) 7aElectronic books.2local2 aebrary, Inc. 0aSpringer series in operations research.40uhttp://site.ebrary.com/lib/rucke/Doc?id=10047808zAn electronic book accessible through the World Wide Web; click to view